header

The will of a people (Record no. 198302)

MARC details
000 -LEADER
fixed length control field 01401nam a2200337Ia 4500
245 04 - TITLE STATEMENT
Title The will of a people
260 ## - PUBLICATION, DISTRIBUTION, ETC. (IMPRINT)
Place of publication Carbondale :
Name of publisher Southern Illinois University Press,
Year of publication c2012.
300 ## - PHYSICAL DESCRIPTION
Number of Pages ix, 454 p.
650 #0 - SUBJECT ADDED ENTRY--TOPICAL TERM
Topical Term African American orators.
Topical Term African Americans
Topical Term Speeches, addresses, etc., American
700 1# - ADDED ENTRY--PERSONAL NAME
Personal name Duffy, Bernard K.
Personal name Leeman, Richard W.
856 40 - ELECTRONIC LOCATION AND ACCESS
Uniform Resource Identifier http://site.ebrary.com/lib/rucke/Doc?id=10551773

No items available.

© 2026 Rongo University
Contact us: librarian | system librarian | Rongo university